African notes: journal of the institute of african studies (Record no. 38056)

MARC details
000 -LEADER
fixed length control field 00399nam a2200157Ia 4500
022 ## - INTERNATIONAL STANDARD SERIAL NUMBER
ISSN 00020087
050 ## - CALL MARK
Classification number PL 792 .A37/
245 #0 - TITLE STATEMENT
Title African notes: journal of the institute of african studies
260 ## - PUBLICATION, DISTRIBUTION, ETC. (IMPRINT)
Place of publication Ibadan
260 ## - PUBLICATION, DISTRIBUTION, ETC. (IMPRINT)
Name of publisher IBA, Ltd
260 ## - PUBLICATION, DISTRIBUTION, ETC. (IMPRINT)
Year of publication 2006
300 ## - PHYSICAL DESCRIPTION
Number of Pages vii, 218 p. : ill. ; 25 cm.
942 ## - ADDED ENTRY ELEMENTS (KOHA)
Koha item type Serials

No items available.